000 00651nam a2200265Ia 4500
005 20251020182426.0
008 200515s9999 xx 000 0 und d
082 _a025.31/C43/1984
110 _aCINTERFOR/OIT
245 0 _aRutinas del servicio de documentación e información
250 _a1a ed.
260 _aMontevideo
260 _bCINTERFOR/OIT
260 _c1984
300 _a97
300 _btbl.
500 _a1 ejemplar
650 _aCATALOGACION
650 _aCLASIFICACION
650 _aPROCESAMIENTO DE LA INFORMACION
650 _aPUB CINTERFOR
650 _aSERVICIO DE INFORMACION
942 _cLIB
999 _c105
_d105